| 000 | 00565nam a2200193Ia 4500 | ||
|---|---|---|---|
| 003 | GCL | ||
| 008 | 140319s9999 xx 000 0 ara d | ||
| 040 |
_aGCL / _cGCL |
||
| 082 | 0 | 4 |
_a896 _bا ف |
| 100 | 1 | _aسامى الرزاز (مترجم) | |
| 245 | 1 | 0 |
_aفتى المنجم / _cسامى الرزاز (مترجم) |
| 700 | 1 | _aالياس خورى | |
| 700 | 1 | _aابراهامز، بيتر | |
| 300 | _a218 ص | ||
| 490 |
_aذاكرة الشعوب _v0 |
||
| 650 | 0 | 4 | _aالادب الافريقى |
| 650 | 0 | 4 | _aالقصص الافريقية |
| 942 |
_2ddc _cBK |
||
| 999 |
_c39448 _d39448 |
||